000 00534nam a2200193 a 4500
001 1777027203715
003 YourLibrary
005 20260424161208.0
008 260424s1998##################000#0#eng##
020 _a9780521593533
082 0 4 _a344.73035FEE
100 1 _aFeeley, Malcolm M.,
_eauthor.
245 1 0 _aJudicial Policy Making and the Modern State :
260 _bCambridge University Press,
_c1998.
300 _a508 pages
650 0 _aSocial Science.
942 _cENGLISH
040 _aYourLibrary
_beng
_cYourLibrary
999 _c619875
_d619875